000 00623naa a2200217 i 4500
001 676
003 ES-MaBCM
005 20241016090501.0
008 880113s1987 usa 000 0 eng d
021 _axx
035 _a(OCoLC)1365182696
040 _cES-MaBCM
041 0 _aeng
043 _ausa
100 1 _aVertz, Laura L.
_948207
245 1 0 _aNationalization of the electorate in the United States
_cLaura L. Vertz
650 2 7 _aElectorado
_958508
651 2 4 _aEstados Unidos
_9115376
773 0 _aEn:
_tAmerican political science review
_dWashington : 1987
_w104226
_gnÂș 3, septiembre; p. 961-966
942 _cAREV
999 _c676
_d676